[Event "Muensterland Verbandsklasse Gr2 2223"]
[Site "Germany"]
[Date "2022.11.19"]
[Round "3.7"]
[White "Roewekamp, Helmut"]
[Black "Li, David3333"]
[Result "1/2-1/2"]
[WhiteElo "1607"]
[BlackElo "1326"]
[PlyCount "101"]
[EventDate "2022.09.17"]
[EventType "team-tourn"]
[EventRounds "5"]
[EventCountry "GER"]
[SourceTitle "EXT 2024"]
[Source "ChessBase"]
[SourceDate "2023.10.10"]
[SourceVersion "1"]
[SourceVersionDate "2023.10.10"]
[SourceQuality "1"]
[WhiteTeam "Reckenfeld"]
[BlackTeam "Emsdetten Rochade III"]
[WhiteTeamCountry "GER"]
[BlackTeamCountry "GER"]

1. e4 c6 2. d4 d5 3. e5 Bf5 4. Bd3 Bxd3 5. Qxd3 e6 6. Nf3 Nd7 7. 0-0 Rc8 8. c3 Qb6 9. b4 a5 10. a3 Qa7 11. Bb2 b6 12. Nbd2 Ne7 13. Rfe1 Rb8 14. Nf1 c5 15. Ng3 Nc6 16. Ng5 h6 17. Nf3 Qc7 18. b5 Na7 19. a4 Be7 20. Bc1 Rc8 21. Be3 cxd4 22. cxd4 Bb4 23. Rec1 Qb7 24. Rxc8+ Nxc8 25. h3 Ne7 26. Nh2 Nf8 27. Rc1 Kd7 28. Nh5 g6 29. Nf6+ Kd8 30. Nfg4 h5 31. Nf6 Nd7 32. Nxd7 Kxd7 33. Nf3 Rc8 34. Rc2 Rc7 35. Ng5 Ke8 36. Rxc7 Qxc7 37. Qd1 Nf5 38. g4 Nxe3 39. fxe3 Be7 40. Nf3 hxg4 41. hxg4 Qc3 42. Kf2 Kf8 43. Ke2 Bb4 44. Ng5 Qb2+ 45. Kf3 Be7 46. Nh3 Kg7 47. Nf4 Qc3 48. Ne2 Qc4 49. Nf4 Bg5 50. Nh3 Be7 51. Nf4 1/2-1/2

[Event "Steinfurt Bezirksliga 1314"]
[Site "Germany"]
[Date "2013.09.14"]
[Round "1.1"]
[White "Winnemoeller, Bernhard"]
[Black "Roewekamp, Helmut"]
[Result "0-1"]
[WhiteElo "1981"]
[BlackElo "1667"]
[PlyCount "130"]
[EventDate "2013.09.14"]
[EventType "team-tourn"]
[EventRounds "9"]
[EventCountry "GER"]
[SourceTitle "EXT 2015"]
[Source "ChessBase"]
[SourceDate "2014.11.20"]
[SourceVersion "1"]
[SourceVersionDate "2014.11.20"]
[SourceQuality "1"]
[WhiteTeam "Neuenkirchen II"]
[BlackTeam "Reckenfeld"]
[WhiteTeamCountry "GER"]
[BlackTeamCountry "GER"]

1. e4 e5 2. Bc4 Nf6 3. d3 Be7 4. Ne2 d6 5. c3 c6 6. 0-0 0-0 7. Ng3 Nbd7 8. Nf5 Nc5 9. Nxe7+ Qxe7 10. b4 Ne6 11. a4 a6 12. Na3 Bd7 13. a5 Qd8 14. Be3 d5 15. Bb6 Qc8 16. Bb3 Re8 17. f3 Nf8 18. c4 Be6 19. Rc1 dxe4 20. dxe4 N6d7 21. Be3 c5 22. b5 Rd8 23. Qd6 Qb8 24. Rfd1 Qxd6 25. Rxd6 axb5 26. Nxb5 Rxa5 27. Nc7 Rc8 28. Nxe6 fxe6 29. Bd1 Rca8 30. Be2 Ra1 31. Rdd1 Rxc1 32. Rxc1 b6 33. Rc2 Ra6 34. g3 Nb8 35. f4 Nc6 36. Rb2 Nd7 37. Bg4 Kf7 38. f5 Nf6 39. fxe6+ Ke7 40. Bf5 Nd4 41. Bxd4 exd4 42. Rf2 g6 43. Bh3 Nxe4 44. Rf7+ Ke8 45. Bg4 Ra1+ 46. Kg2 Ra2+ 47. Kf1 h5 48. Bf3 Nd2+ 49. Kf2 Nxc4+ 50. Ke1 Ne5 51. Rf4 Nxf3+ 52. Rxf3 Ke7 53. h3 b5 54. g4 hxg4 55. hxg4 Kxe6 56. g5 Rg2 57. Rf6+ Kd5 58. Rxg6 Kc4 59. Kf1 Rg4 60. Kf2 Kc3 61. Kf3 Rg1 62. Kf2 Ra1 63. Rg8 Ra7 64. g6 c4 65. Rf8 Rg7 0-1